000 00388nam a2200109Ia 4500
008 170221s9999 xx 000 0 und d
100 _aJonathan K. Heath
245 _aKeeping Secrets: The Case for a North American Trade Secret Agreement
245 _cJonathan K. Heath
650 _xBusiness
856 _uhttp://digitalcommons.pepperdine.edu/cgi/viewcontent.cgi?article=1150&context=jbel
999 _c307705
_d307705